| 000 | 00589nac a22001811u 4500 | ||
|---|---|---|---|
| 010 | _a 94069380 | ||
| 020 | _a041257070X | ||
| 082 |
_a658 _bC7466 |
||
| 090 |
_c4045 _d4045 |
||
| 100 | _aCondra, L. W. | ||
| 245 | 1 | 0 |
_aValue-added management with design of experiments / _cL.W. Condra. |
| 260 |
_aNew York : _bChapman & Hall,1995 _c1995. |
||
| 300 |
_ax, 219p. : _c ill. ; _b24 cm. |
||
| 650 | _aValues. | ||
| 650 | _aManagement | ||
| 942 |
_cBB _k658C7466 |
||
| 999 |
_c4045 _d4045 |
||